|
|
|
|
| LEADER |
02302nam a22003733i 4500 |
| 001 |
EBC6637735 |
| 003 |
MiAaPQ |
| 005 |
20231204023217.0 |
| 006 |
m o d | |
| 007 |
cr cnu|||||||| |
| 008 |
231204s2019 xx o ||||0 eng d |
| 020 |
|
|
|a 9783110616347
|q (electronic bk.)
|
| 020 |
|
|
|z 9783110616330
|
| 035 |
|
|
|a (MiAaPQ)EBC6637735
|
| 035 |
|
|
|a (Au-PeEL)EBL6637735
|
| 035 |
|
|
|a (OCoLC)1273973921
|
| 040 |
|
|
|a MiAaPQ
|b eng
|e rda
|e pn
|c MiAaPQ
|d MiAaPQ
|
| 100 |
1 |
|
|a Mocciaro, Egle.
|
| 245 |
1 |
0 |
|a Toward a Cognitive Classical Linguistics :
|b The Embodied Basis of Constructions in Greek and Latin.
|
| 250 |
|
|
|a 1st ed.
|
| 264 |
|
1 |
|a Warschau/Berlin :
|b Walter de Gruyter GmbH,
|c 2019.
|
| 264 |
|
4 |
|c ©2019.
|
| 300 |
|
|
|a 1 online resource (281 pages)
|
| 336 |
|
|
|a text
|b txt
|2 rdacontent
|
| 337 |
|
|
|a computer
|b c
|2 rdamedia
|
| 338 |
|
|
|a online resource
|b cr
|2 rdacarrier
|
| 505 |
0 |
|
|a Intro -- Contents -- Introduction. Toward a cognitive classical linguistics -- 1 Aspect and construal A cognitive linguistic approach to iterativity, habituality and genericity in Greek -- 2 A construction-grammar analysis of ancient Greek particles -- 3 The embodied basis of discourse and pragmatic markers in Greek and Latin -- 4 Reversive constructions in Latin: the case of re- (and dis-) -- 5 Autόs and the center-periphery image schema -- 6 Aspects of aural perception in Homeric Greek -- 7 The role of spatial prepositions in the Greek lexicon of garments -- 8 Metaphor by any other name. A cognitive linguistic reassessment of Aristotle's theory of metaphor -- 9 Animus inscriptus An out-of-body embodiment? -- 10 Metaphorical word order -- Index.
|
| 588 |
|
|
|a Description based on publisher supplied metadata and other sources.
|
| 590 |
|
|
|a Electronic reproduction. Ann Arbor, Michigan : ProQuest Ebook Central, 2023. Available via World Wide Web. Access may be limited to ProQuest Ebook Central affiliated libraries.
|
| 655 |
|
4 |
|a Electronic books.
|
| 700 |
1 |
|
|a Short, William Michael (eds. ).
|
| 776 |
0 |
8 |
|i Print version:
|a Mocciaro, Egle
|t Toward a Cognitive Classical Linguistics
|d Warschau/Berlin : Walter de Gruyter GmbH,c2019
|z 9783110616330
|
| 797 |
2 |
|
|a ProQuest (Firm)
|
| 856 |
4 |
0 |
|u https://ebookcentral.proquest.com/lib/matrademy/detail.action?docID=6637735
|z Click to View
|